Podróż po Europie - Statystyki

Ogólne statystyki
  • Ten quiz został rozwiązany 548 razy
  • Średni wynik to 14 z 15
Statystyki odpowiedzi
Kierunek Odpowiedź % Poprawnych
START Polska
99%
Wschód Rosja
97%
Zachód Czechy
96%
Północ Niemcy
96%
Południe Słowacja
96%
Północ Norwegia
94%
Wschód Szwecja
94%
Południe Ukraina
94%
Wschód Białoruś
93%
Północ Dania
93%
Wschód Finlandia
92%
Południe Litwa
91%
Południe Łotwa
91%
Zachód Estonia
89%
Południowy-zachód Węgry
77%
Nie znaleziono quizów pasujących do podanych kryteriów
Rozkład punktacji
Procent ludzi z każdym wynikiem
Percentyl według liczby udzielonych odpowiedzi
Twoja historia wyników
Nie rozwiązałeś tego quizu